000 01354nam0a22003251 4500
001 rc\4248461
005 20220923103427.0
021 _aRU
_b[68-54498]
035 _a(NLR Aleph) 008474746
090 _a7952412
_c7952412
100 _a20130416d1968 |||y0rusy50 ca
101 1 _arus
_ceng
102 _aRU
105 _aa z |||||
200 1 _aХимическая защита от ионизирующей радиации
_fПеревод с англ. Р.А. Кузина
_gПод ред. чл.-кор. АН СССР А.М. Кузина
210 _aМосква
_cАтомиздат
_d1968
215 _a263 с.
_cил.
_d22
300 _aНа обороте тит. л.: Chemical protection against ionizing radiation. By Zénon M. Bacg
320 _aБиблиогр.: с. 212-260
517 0 _aChemical protection against ionizing radiation
606 _aЗащита от ионизирующих излучений
_xХимический способ
_2psbo
700 1 _aБак
_bЗ. М.
_gЗенон Марсель
702 1 _aКузин
_bР. А.
_4730
702 1 _aКузин
_bА. М.
_cд-р биол. наук
_f1906-1999
_gАлександр Михайлович
_3RU\NLR\AUTH\770246777
_4340
801 0 _aRU
_bNLR
_gpsbo
801 1 _aRU
_bELAR
_2rusmarc
852 _aNLR
_j68-5/3511
942 _cBOOK
980 _aNB